| 000 | 00955nam a2200253Ia 4500 | ||
|---|---|---|---|
| 001 | 16230 | ||
| 003 | GE_BSU | ||
| 008 | 181216s||||||||xx |||||||||||||| ||und|| | ||
| 040 | _cGE_BSU | ||
| 080 | _a631.4(076.6) | ||
| 100 | _aურუშაძე თენგიზ,მაჭავარიანი,ლია. | ||
| 245 | _aპრაქტიკუმი ნიადაგმცოდნეობაში. | ||
| 245 | _cრედ:ვლადიმერ ცანავა. | ||
| 260 | _aთბილისი | ||
| 260 | _bთბილ. უნ-ტის გამ-ბა, | ||
| 260 | _c2011 | ||
| 300 | _a127გვ;ილ;20სმ | ||
| 300 | _bბიბლიოგრაფ.გვ:126-დანართები:გვ;120-126 | ||
| 541 | _h11ლ.50თ. | ||
| 653 | _aგეოგრაფია | ||
| 653 | _aნიადაგმცოდნეობა. | ||
| 653 | _aსოფლის მეურნეობა | ||
| 942 | _cBK | ||
| 999 |
_c49314 _d49314 |
||